| 000 | 00779cam a22001931 4500 | ||
|---|---|---|---|
| 082 |
_a620.110287 _bBEA _cL-21, P12 |
||
| 100 | 1 |
_aBeaumont, Reginald Arthur, _940776 |
|
| 245 | 1 | 0 |
_aMechanical testing of metallic materials, _bwith special reference to proof stress, _cby R. A. Beaumont. |
| 250 | _a2d ed. | ||
| 260 |
_aLondon, _bPitman, _c1944. |
||
| 300 |
_avi, 141 p. _billus. _c22 cm. |
||
| 490 | 0 | _aAeronautical engineering series. Ground engineers | |
| 500 | _a"Based on lectures and practical demonstratin given at the Mechanical Testing Laboratory of the College of Aeronautical Engineers."--Pref. | ||
| 526 |
_a0 _b0 _c0 _d620_110287000000000_BEA |
||
| 650 | 0 |
_aAirplanes _xMaterials. _940777 |
|
| 650 | 0 |
_aMCE _9379 |
|
| 650 | 0 |
_aMetals _xTesting. _940778 |
|
| 942 |
_2ddc _cBK |
||
| 999 |
_c545023 _d545023 |
||